Continuous business process management with HOLOSOFX BPM Suite and IBM MQSeries workflow (Record no. 98083)

MARC details
000 -LEADER
fixed length control field 01606nam a22003854a 4500
001 - CONTROL NUMBER
control field ebr10112582
003 - CONTROL NUMBER IDENTIFIER
control field CaPaEBR
005 - DATE AND TIME OF LATEST TRANSACTION
control field 20251029031013.0
006 - FIXED-LENGTH DATA ELEMENTS--ADDITIONAL MATERIAL CHARACTERISTICS--GENERAL INFORMATION
fixed length control field m u
007 - PHYSICAL DESCRIPTION FIXED FIELD--GENERAL INFORMATION
fixed length control field cr cn|||||||||
008 - FIXED-LENGTH DATA ELEMENTS--GENERAL INFORMATION
fixed length control field 021108s2002 ncua sb 001 0 eng
020 ## - INTERNATIONAL STANDARD BOOK NUMBER
Cancelled/invalid ISBN 0738425559
040 ## - CATALOGING SOURCE
Original cataloging agency CaPaEBR
Transcribing agency CaPaEBR
035 ## - SYSTEM CONTROL NUMBER
System control number (OCoLC)647469690
050 14 - LIBRARY OF CONGRESS CALL NUMBER
Classification number HD58.87
Item number .C659 2002eb
082 04 - DEWEY DECIMAL CLASSIFICATION NUMBER
Classification number 685.5/00285/5
Edition number 22
090 ## - LOCALLY ASSIGNED LC-TYPE CALL NUMBER (OCLC); LOCAL CALL NUMBER (OCLC)
-- 98083
-- 77960
245 00 - TITLE STATEMENT
Title Continuous business process management with HOLOSOFX BPM Suite and IBM MQSeries workflow
Medium [electronic resource] /
Statement of responsibility, etc [Eugene Deborin ... et al.].
250 ## - EDITION STATEMENT
Edition statement 1st ed.
260 ## - PUBLICATION, DISTRIBUTION, ETC. (IMPRINT)
Place of publication, distribution, etc Research Triangle Park, NC :
Name of publisher, distributor, etc IBM Corp., International Technical Support Organization,
Date of publication, distribution, etc c2002.
300 ## - PHYSICAL DESCRIPTION
Extent xviii, 534 p. :
Other physical details ill. ;
Dimensions 23 cm.
490 1# - SERIES STATEMENT
Series statement Redbooks
500 ## - GENERAL NOTE
General note "SG24-6590-00."
504 ## - BIBLIOGRAPHY, ETC. NOTE
Bibliography, etc Includes bibliographical references (p. 525-526) and index.
533 ## - REPRODUCTION NOTE
Type of reproduction Electronic reproduction.
Place of reproduction Palo Alto, Calif. :
Agency responsible for reproduction ebrary,
Date of reproduction 2009.
Note about reproduction Available via World Wide Web.
-- Access may be limited to ebrary affiliated libraries.
650 #0 - SUBJECT ADDED ENTRY--TOPICAL TERM
Topical term or geographic name as entry element Reengineering (Management)
650 #0 - SUBJECT ADDED ENTRY--TOPICAL TERM
Topical term or geographic name as entry element Workflow
General subdivision Management.
9 (RLIN) 1888
650 #0 - SUBJECT ADDED ENTRY--TOPICAL TERM
Topical term or geographic name as entry element Industrial management.
9 (RLIN) 176
655 #7 - INDEX TERM--GENRE/FORM
Genre/form data or focus term Electronic books.
Source of term local
9 (RLIN) 190
700 1# - ADDED ENTRY--PERSONAL NAME
Personal name Deborin, Eugene.
9 (RLIN) 134023
710 2# - ADDED ENTRY--CORPORATE NAME
Corporate name or jurisdiction name as entry element International Business Machines Corporation.
Subordinate unit International Technical Support Organization.
710 2# - ADDED ENTRY--CORPORATE NAME
Corporate name or jurisdiction name as entry element ebrary, Inc.
9 (RLIN) 191
830 #0 - SERIES ADDED ENTRY--UNIFORM TITLE
Uniform title IBM redbooks.
856 40 - ELECTRONIC LOCATION AND ACCESS
Uniform Resource Identifier <a href="http://site.ebrary.com/lib/strathmore/Doc?id=10112582">http://site.ebrary.com/lib/strathmore/Doc?id=10112582</a>
Public note An electronic book accessible through the World Wide Web; click to view

No items available.


© Strathmore University Library
Madaraka Estate, Ole Sangale Road | P. O. Box 59857 - 00200 City Square, Nairobi, Kenya
(+254) (0)703 034 000/200/300 | (+254) (0)20-607498